000 00526nam a2200169Ia 4500
003 GCL
008 140319s9999 xx 000 0 ara d
040 _aGCL /
_cGCL
082 0 4 _a415.1
_bا غ
100 1 _aاحمد فارس الشدياق
245 1 0 _aغنية الطالب ومنية الراغب دروس فى الصرف والنحو وحروف المعانى /
_cاحمد فارس الشدياق
300 _a272 ص
490 _a
650 0 4 _aالنحو
650 0 4 _aاللغة العربية
942 _2ddc
_cBK
999 _c37635
_d37635